000 00236nam a2200097Ia 4500
001 640760
005 20250826153453.0
008 250824s9999 xx 000 0 und d
245 0 _aNEŞELİ PORTAKAL
_cROBERT ALLEN
260 _bGENÇ TİMAŞ
999 _c640760
_d640760